[Event "Titled Tuesday intern op 20th Feb Late"]
[Site "Chess.com INT"]
[Date "2024.02.20"]
[Round "1"]
[White "Soderstrom, Adrian"]
[Black "Grigoriants, Sergey"]
[Result "1-0"]
[WhiteElo "2307"]
[BlackElo "2541"]
[PlyCount "73"]
[EventDate "2024.02.20"]
[EventType "swiss (blitz)"]
[EventRounds "11"]
[EventCountry "USA"]
[SourceTitle "EXT 2025"]
[Source "ChessBase"]
[SourceDate "2024.10.14"]
[SourceVersion "1"]
[SourceVersionDate "2024.10.14"]
[SourceQuality "1"]

1. e4 e6 2. d4 d5 3. Nc3 Nf6 4. e5 Nfd7 5. Nce2 c5 6. c3 Nc6 7. Nf3 b5 8. Nf4 Qb6 9. Be2 a5 10. 0-0 Ba6 11. Be3 b4 12. c4 Bxc4 13. Bxc4 dxc4 14. d5 Ncxe5 15. dxe6 fxe6 16. Nxe5 Nxe5 17. Qh5+ Nf7 18. Rfe1 e5 19. Rad1 Qc6 20. Bxc5 g6 21. Rxe5+ Nxe5 22. Qxe5+ Kf7 23. Qxh8 Bg7 24. Qxh7 Rh8 25. Rd7+ Qxd7 26. Qxg6+ Kg8 27. h3 Rh6 28. Qe4 c3 29. Qa8+ Kf7 30. bxc3 bxc3 31. Qe4 Qc6 32. Qc4+ Re6 33. Nxe6 Qxe6 34. Qf4+ Kg8 35. Bd4 c2 36. Qb8+ Kh7 37. Qc7 1-0